000 00310nam a22001337a 4500
008 170215b xxu||||| |||| 00| 0 eng d
020 _a9781878812094
041 _aeng
080 _23RD
_a61
100 _a4
101 _aSHM
245 _aMANAGING HEALTH SERVICES ORGANIZATIONS
_cRAKICH, J,S
942 _2udc
_cBK
999 _c5509
_d5509